00919nam a2200229 i 4500001000300000245011900003260006600122300004700188490006900235500007200304504002600376650003500402655002900437700003300466700002300499830007000522020001500592040000800607041000800615080002500623008004100648bg00aWyposażenie i organizacja wydziału wtrysku /c[dobór i oprac. ogólne Henryk Zawistowski ; red. Ewa Muniak]. aWarszawa :bWydawnictwa Przemysłowe WEMA :bPLASTECH,c1995. a258, [2] s. :bfot., rys., wykr. ;c21 cm.1 aNowości Techniki. Biblioteka Sympozjów Technicznych PLASTECH aMateriały Sympozjum Przetwórstwo Tworzyw Sztucznych PLASTECH'95. aBibliogr. przy rozdz. 9aTworzywa sztucznextechnologia aMateriały konferencyjne1 aZAWISTOWSKI, Henryk.eOprac.1 aMUNIAK, Ewa.eRed. 0aNowości Techniki.pBiblioteka Sympozjów Technicznych PLASTECH a8385250972 cBPK apol a678:658.1/.5](061.3) s pl f |000 0 pol